Central Library OPAC University of Rajshahi

অভ্যন্তরীণ সম্পদ সংগ্রহের প্রক্রিয়া ও পদ্ধতি / (Record no. 47241)

MARC details
000 -LEADER
fixed length control field 00898nam a2200229 a 4500
001 - CONTROL NUMBER
control field 47241
003 - CONTROL NUMBER IDENTIFIER
rucl marc code BD-RjUL
005 - DATE AND TIME OF LATEST TRANSACTION
control field 20211209054301.0
008 - FIXED-LENGTH DATA ELEMENTS--GENERAL INFORMATION
fixed length control field 160807s1994 bg ||||| |||| 00| 0 ben d
020 ## - INTERNATIONAL STANDARD BOOK NUMBER
International Standard Book Number 9843000935
Terms of availability : Tk. 120.00
035 ## - SYSTEM CONTROL NUMBER
System control number (BD-RjUL)47360
040 ## - CATALOGING SOURCE
Original cataloging agency BD-RjUL
Language of cataloging ben
Transcribing agency BD-RjUL
041 ## - LANGUAGE CODE
Language code of text/sound track or separate title ben
082 ## - DEWEY DECIMAL CLASSIFICATION NUMBER
Edition number 23
Classification number 336.24
Author mark and year ISA 1994
100 1# - MAIN ENTRY--PERSONAL NAME
Personal name ইসলাম, আবুল খায়ের মো সামিউল
9 (RLIN) 143819
245 10 - TITLE STATEMENT
Title অভ্যন্তরীণ সম্পদ সংগ্রহের প্রক্রিয়া ও পদ্ধতি /
Statement of responsibility, etc. আবুল খায়ের মো সামিউল ইসলাম
260 ## - PUBLICATION, DISTRIBUTION, ETC. (IMPRINT)
Place of publication, distribution, etc. রংপুর :
Name of publisher, distributor, etc. লেখক,
Date of publication, distribution, etc. ১৯৯৪
300 ## - PHYSICAL DESCRIPTION
Pagination ৯৬ পৃ. ;
Size ১৮ সেমি.
650 ## - SUBJECT ADDED ENTRY--TOPICAL TERM
Topical term or geographic name as entry element কাস্টমস (কর)
9 (RLIN) 143820
Topical term or geographic name as entry element Customs (tax)
9 (RLIN) 143821
942 ## - ADDED ENTRY ELEMENTS (KOHA)
Source of classification or shelving scheme Dewey Decimal Classification
Koha item type Books
Holdings
Lost status Source of classification or shelving scheme Damaged status Not for loan Collection code Permanent Location Current Location Shelving location Date acquired Source of acquisition Cost, normal purchase price Total Checkouts Full call number Date last seen Copy number Koha item type
  Dewey Decimal Classification     Non-fiction Central Library, University of Rajshahi Central Library, University of Rajshahi   19/03/1995 Udyan library 120.00   B 336.24 ISA 1994 07/08/2016 C-2 Books
  Dewey Decimal Classification     Non-fiction Central Library, University of Rajshahi Central Library, University of Rajshahi   19/03/1995 Udyan library 120.00   B 336.24 ISA 1994 07/08/2016 C-3 Books
  Dewey Decimal Classification   Not For Loan Non-fiction Central Library, University of Rajshahi Central Library, University of Rajshahi Reading Room 19/09/1995 Udayon library     B 336.24 ISA 1994 27/12/2016 C-1 Books